| 000 | 02304cam a2200325 a 4500 | ||
|---|---|---|---|
| 003 | EG-GiCUC | ||
| 005 | 20250223031641.0 | ||
| 008 | 170121s2016 ua f m 000 0 ara d | ||
| 040 |
_aEG-GiCUC _bara _cEG-GiCUC |
||
| 041 | 0 | _aara | |
| 049 | _aايداع | ||
| 097 | _aماجستير | ||
| 099 | _aCai01.06.03.M.Sc.2016.مر.م | ||
| 100 | 0 | _aمريم حسام عباس خضر | |
| 245 | 1 | 0 |
_aملامح السرد فـي شعر شوقي / _cمريم حسام عباس خضر ؛ اشراف محمد فتوح أحمد |
| 246 | 1 | 5 | _aThe narrative features in Ahmad Shawqi{u2019} s poetry |
| 260 |
_aالقاهرة : _bمريم حسام عباس خضر : _c2016 |
||
| 300 |
_a313 ورقة ؛ _c30سم |
||
| 502 | _aاطروحة (ماجستير) - جامعة القاهرة - كلية دارالعلوم - قسم الدراسات الأدبية | ||
| 520 | _aيقع هذا البحث في مجال العلاقة بين الشعر والسرد؛ متخذًا من الإنتاج الشعري للشاعر المصري أحمد شوقي (1868م {u٢٠١٣} 1932م) موضوعًا له: منطلقًا من تنوع إنتاج هذا الشاعر وثرائه: واقتحامه عالم الشعر القصصي والمسرح الشعري؛ مما أسفر عن حضور ملامح سردية في شعره. ويهدف البحث إلى التعرف على أشكال السرد الموجودة في شعره الغنائي: وتحليل هذه الأشكال على نحو يسهم في التعرف على الدلالات التي تتضمنها: والتوصل إلى الآليات التي تساعد على قراءتها: سواء أكانت هذه الآليات متصلة بالسرد أم بالشعر. ولقد حاول البحث استقاء أدوات من المنهج السيميولوجي في قراءة النصوص وتحليلها: كما اعتمد وصف الظواهر الفنية أداة رئيسة في الدراسة | ||
| 530 | _aصدر ايضا كقرص مدمج | ||
| 653 | 4 | _aاحمد شوقي | |
| 653 | 4 | _aالسرد | |
| 653 | 4 | _aالشعر السردى | |
| 700 | 0 |
_aمحمد فتوح أحمد : _eمشرف |
|
| 856 | _uhttp://172.23.153.220/th.pdf | ||
| 905 |
_aNazla _eRevisor |
||
| 905 |
_aSoheir _eCataloger |
||
| 942 |
_2ddc _cTH |
||
| 999 |
_c59521 _d59521 |
||